Manual de teología dogmática

Wedi'i Gadw mewn:
Manylion Llyfryddiaeth
Prif Awdur: Ott, Ludwig (autor)
Fformat: Llyfr
Iaith:Sbaeneg
Cyhoeddwyd: Barcelona Herder 1958
Pynciau:
Tagiau: Ychwanegu Tag
Dim Tagiau, Byddwch y cyntaf i dagio'r cofnod hwn!

MARC

LEADER 00000nam a2200000 a 4500
001 UCL2189
003 CL-VaPUC
008 031017e19580000SP |||||||||||||||||spa|d
082 0 4 |a 230  |b OTT  |2 21 
100 |a Ott, Ludwig  |e autor  |9 479236 
245 1 0 |a Manual de teología dogmática 
300 |a 750 p 
942 |c BK 
945 |d 20031017 00:00:00  |a rbrito 
260 |a Barcelona  |b Herder  |c 1958 
600 0 |a Dios  |9 314467 
600 0 |a Jesús  |9 313614 
650 0 |a Teología cristiana  |9 308336 
650 0 |a Eclesiología   |9 366152 
650 0 |a Iglesia Católica  |9 256114 
650 0 |a Sacramentos   |9 257270 
650 0 |a Eucaristía  |9 257336 
650 0 |a Penitencia  |9 366153 
650 0 |a Escatología  |9 314395 
583 |a last modification  |c 20031017 00:00:00  |k Rodrigo Vera 
999 |c 305546  |d 305544 
952 |0 0  |1 0  |4 0  |6 230_000000000000000_OTT_1958  |7 0  |8 A  |9 369634  |a BIBTEO  |b BIBTEO  |d 2019-11-21  |i 2082012  |o 230 OTT 1958  |p 2082012  |r 2025-01-17  |w 2019-11-21  |y BK  |k ICR